00433nam a2200145Ia 4500008004100000082001000041100001600051245002800067260001800095630002800113730002800141942000900169999001900178952009000197100328s9999 xx 000 0 und d b71064 aDarcy Emma. aThe Secret Baby Revenge bMills & Boon. aThe Secret Baby Revenge aThe Secret Baby Revenge cBOOK c556788d556785 00104070aRNVbRNVd2010-03-28l0pRNV-71064r2010-03-28 00:00:00w2010-03-28yBOOK